000 00745nam a2200241Ia 4500
003 OSt
005 20221006165834.0
006 a|||||r|||| 00| 0
007 ta
008 221006b |||||||| |||| 00| 0 eng d
024 _a7,926
037 _cDissertations
040 _aFML
_cFML
_beng
041 _2eng
_aeng
100 _aSushila Vishwanathan Au.
_9680573
110 _aDelhi University. Faculty of Music and Fine Arts. Department of Music
245 0 _aThe esteeem enjoyed by the nava-groupings in Karnataka Music
260 _c2011
300 _a126
_ccm.
700 _aDelhi University. Faculty of Music and Fine Arts. Department of Music
942 _cDIS
_2CC
999 _c1122211
_d1122211